Asking Ayahai : an Ayoreo story /
"The personal journey of Ayahai, an 80-year-old Ayoreo elder, whose life spans the period of dramatic transition for the Ayoreo of South America's Gran Chaco as they moved from nomadic hunter/gatherers to wage laborers. Ayahai's testimony of the critical contact moment with Westerners...
| Other Authors: | |
|---|---|
| Format: | Video |
| Language: | English Spanish South American Indian (Other) |
| Language Notes: | In Spanish, Ayoreo (Moro) and English, with English subtitles. |
| Published: |
Watertown, MA :
Documentary Educational Resources,
2004.
|
| Series: | Ethnographic video online.
|
| Subjects: | |
| Online Access: | Connect to this streaming video (Alexander Street Press) |
MARC
| Tag | First Indicator | Second Indicator | Subfields |
|---|---|---|---|
| LEADER | 00000cgm a2200000Mi 4500 | ||
| 001 | in00005531821 | ||
| 006 | m o c | ||
| 007 | vz czazu| | ||
| 007 | cr ||||||||||| | ||
| 008 | 060503p20042003mau041 o vleng d | ||
| 005 | 20241201225216.2 | ||
| 035 | |a (OCoLC)ocn649691009 | ||
| 040 | |a ALSTP |b eng |e pn |c ALSTP |d CUS |d OCLCQ |d FXGBL |d OCLCQ |d OCLCO |d OCLCQ |d OCLCO |d OCLCA |d OCLCQ |d OCLCO |d EUW |d OCLCQ |d OCLCO |d IAD |d COO |d OCLCQ |d OCLCO |d EZ9 |d UBY |d IGB |d MNI |d INT |d OCLCQ |d WYU |d TKN |d OCLCQ |d AU@ |d OCLCF |d U3G |d YOU |d OCL |d OCLCO |d OCLCA |d OCLCO |d OCLCA |d OCLCL |d MNU |d OCLCO | ||
| 019 | |a 858053459 |a 908386916 |a 1058150234 |a 1078074894 |a 1085145925 |a 1273034245 |a 1373515528 | ||
| 035 | |a (OCoLC)649691009 |z (OCoLC)858053459 |z (OCoLC)908386916 |z (OCoLC)1058150234 |z (OCoLC)1078074894 |z (OCoLC)1085145925 |z (OCoLC)1273034245 |z (OCoLC)1373515528 | ||
| 041 | 1 | |a eng |a spa |a sai |j eng |p eng | |
| 043 | |a s-bo--- | ||
| 050 | 4 | |a GN303 | |
| 049 | |a TXAM | ||
| 245 | 0 | 0 | |a Asking Ayahai : |b an Ayoreo story / |c by Lucas Bessire. |
| 264 | 1 | |a Watertown, MA : |b Documentary Educational Resources, |c 2004. | |
| 300 | |a 1 online resource (1 streaming video (41 min.)) | ||
| 306 | |a 004145 | ||
| 336 | |a two-dimensional moving image |b tdi |2 rdacontent | ||
| 337 | |a computer |b c |2 rdamedia | ||
| 338 | |a online resource |b cr |2 rdacarrier | ||
| 341 | 0 | |a auditory |b captions |2 sapdv | |
| 344 | |a digital |2 rda | ||
| 347 | |a video file |2 rda | ||
| 532 | 1 | |a Closed captioning in English | |
| 518 | |a Filmed in 2003. | ||
| 520 | |a "The personal journey of Ayahai, an 80-year-old Ayoreo elder, whose life spans the period of dramatic transition for the Ayoreo of South America's Gran Chaco as they moved from nomadic hunter/gatherers to wage laborers. Ayahai's testimony of the critical contact moment with Westerners is juxtaposed with the memories of Dr. Charles Ramsey, another octagenarian who was one of the first missionaries to reach Ayahai's group in the 1950s." | ||
| 546 | |a In Spanish, Ayoreo (Moro) and English, with English subtitles. | ||
| 588 | 0 | |a Print version record. | |
| 600 | 1 | 0 | |a Ciqueno, Ayahai. |
| 600 | 1 | 7 | |a Ciqueno, Ayahai. |2 fast/nic/nac |
| 650 | 0 | |a Moro Indians. | |
| 650 | 0 | |a Indians of South America |z Bolivia |x Social conditions. | |
| 650 | 6 | |a Moro. | |
| 650 | 6 | |a Peuples autochtones |z Bolivie |x Conditions sociales. | |
| 650 | 7 | |a Documentary films |2 fast | |
| 650 | 7 | |a Indians of South America |x Social conditions |2 fast | |
| 650 | 7 | |a Moro Indians |2 fast | |
| 651 | 7 | |a Bolivia |2 fast |1 https://id.oclc.org/worldcat/entity/E39PBJcGmxjC3YWfD9MqQ7hj4q | |
| 653 | |a Ayoreo | ||
| 653 | 0 | |a Tribal and national groups | |
| 653 | 0 | |a Migration | |
| 653 | 0 | |a Homeless life | |
| 653 | 0 | |a Cultural change and history | |
| 653 | 0 | |a Colonialism | |
| 653 | 0 | |a Traditional history | |
| 653 | 0 | |a Anthropology | |
| 655 | 0 | |a Streaming video. | |
| 655 | 4 | |a Encoded moving images. | |
| 655 | 7 | |a documentary film. |2 aat | |
| 655 | 7 | |a Nonfiction films |2 fast | |
| 655 | 7 | |a Ethnographic films |2 fast | |
| 655 | 7 | |a Documentary films |2 fast | |
| 655 | 7 | |a Video recordings for the hearing impaired. |2 lcgft | |
| 655 | 7 | |a Documentary films. |2 lcgft | |
| 655 | 7 | |a Ethnographic films. |2 lcgft | |
| 655 | 7 | |a Nonfiction films. |2 lcgft | |
| 655 | 7 | |a Documentaires. |2 rvmgf | |
| 655 | 7 | |a Films ethnographiques. |2 rvmgf | |
| 655 | 7 | |a Films autres que de fiction. |2 rvmgf | |
| 655 | 7 | |a Vidéos pour personnes handicapées auditives. |2 rvmgf | |
| 700 | 1 | |a Bessire, Lucas. | |
| 758 | |i has work: |a Asking Ayahai (Work) |1 https://id.oclc.org/worldcat/entity/E39PCYH3H4GcW9MVd38mbXV7Fq |4 https://id.oclc.org/worldcat/ontology/hasWork | ||
| 776 | 1 | |c Original |w (OCoLC)ocm61739222 | |
| 830 | 0 | |a Ethnographic video online. | |
| 856 | 4 | 0 | |u http://proxy.library.tamu.edu/login?url=https://www.aspresolver.com/aspresolver.asp?ANTH;764100 |z Connect to this streaming video (Alexander Street Press) |t 0 |
| 955 | |a Alexander Street Press subscription streaming video | ||
| 994 | |a 92 |b TXA | ||
| 999 | f | f | |s 9350c0a1-194b-4404-9e82-8d4bc4e50ec8 |i a539cec3-d5f1-4348-8285-cf9ca1e21690 |t 0 |
| 952 | f | f | |a Texas A&M University |b College Station |c Electronic Resources |d Available Online |t 0 |e GN303 |h Library of Congress classification |
| 998 | f | f | |a GN303 |t 0 |l Available Online |